|
|
|
|
| LEADER |
00000nam0a2200000 4500 |
| 001 |
121879 |
| 005 |
20231031125717.0 |
| 035 |
|
|
|a (RuTPU)RU\TPU\book\131986
|
| 090 |
|
|
|a 121879
|
| 100 |
|
|
|a 20070921d1971 m y0rusy50 ca
|
| 101 |
0 |
|
|a rus
|
| 102 |
|
|
|a RU
|
| 105 |
|
|
|a a j 001zy
|
| 200 |
1 |
|
|a Общая электротехника и пожарная профилактика в электроустановках
|e пособие для проведения практических занятий
|f М. Т. Мыльников
|g Управление учебных заведений ; под ред. А. И. Федотова
|
| 210 |
|
|
|a Москва
|c Энергия
|d 1971
|
| 215 |
|
|
|a 177 с.
|c ил.
|
| 320 |
|
|
|a Библиогр.: с. 171.
|
| 610 |
1 |
|
|a электротехника
|
| 610 |
1 |
|
|a электроустановки
|
| 610 |
1 |
|
|a пожарная охрана
|
| 610 |
1 |
|
|a пожарная профилактика
|
| 610 |
1 |
|
|a практические работы
|
| 610 |
1 |
|
|a постоянный ток
|
| 610 |
1 |
|
|a переменный ток
|
| 610 |
1 |
|
|a переменный ток
|
| 610 |
1 |
|
|a электроизмерительные приборы
|
| 610 |
1 |
|
|a электрические сети
|
| 610 |
1 |
|
|a пособия
|
| 675 |
|
|
|a 621.3(076.5)
|v 3
|
| 675 |
|
|
|a 621.3.0027(076.5)
|v 3
|
| 700 |
|
1 |
|a Мыльников
|b М. Т.
|
| 702 |
|
1 |
|a Федотов
|b А. И.
|4 340
|
| 712 |
0 |
2 |
|a Управление учебных заведений
|
| 801 |
|
1 |
|a RU
|b 63413507
|c 20070921
|g PSBO
|
| 801 |
|
2 |
|a RU
|b 63413507
|c 20080924
|g PSBO
|
| 942 |
|
|
|c BK
|